Comentarios de erudición : libros XVII y XVIII /
Salvato in:
| Autore principale: | |
|---|---|
| Altri autori: | |
| Natura: | Elettronico eBook |
| Lingua: | spagnolo |
| Pubblicazione: |
Madrid : Frankfurt am Main :
Iberoamericana ; Vervuert,
[2021]
|
| Serie: | Clásicos hispánicos (Instituto de Lengua, Literatura, y Antropología (Consejo Superior de Investigaciones Científicas (Spain))). Nueva época ;
no. 24. |
| Soggetti: | |
| Accesso online: | Digitalia Hispánica |
| Tags: |
Aggiungi Tag
Nessun Tag, puoi essere il primo ad aggiungerne!!
|
MARC
| LEADER | 00000nam a2200000Ii 4500 | ||
|---|---|---|---|
| 001 | DIGIBE0800 | ||
| 003 | NyNyDIG | ||
| 006 | m o d | ||
| 007 | cr ||||||||||| | ||
| 008 | 220218s2021 sp ob 000 0 spa d | ||
| 035 | |a (OCoLC)1256405691 | ||
| 040 | |a DGITA |b eng |e rda |e pn |c DGITA | ||
| 020 | |a 9783968691763 |q eBook |q pdf | ||
| 020 | |z 9788491922216 |q Iberoamericana | ||
| 020 | |z 9783968691756 |q Vervuert | ||
| 050 | 1 | 4 | |a PA6410 ebook |
| 082 | 0 | 4 | |a 874.01 |
| 100 | 1 | |a Jiménez Patón, Bartolomé, |e author. | |
| 245 | 1 | 0 | |a Comentarios de erudición : |b libros XVII y XVIII / |c Bartolomé Jiménez Patón ; edición crítica, estudio y notas de María del Carmen Bosch [and 3 others] |
| 264 | 1 | |a Madrid : |b Iberoamericana ; |a Frankfurt am Main : |b Vervuert, |c [2021] | |
| 300 | |a 1 online resource. | ||
| 336 | |a text |b txt |2 rdacontent | ||
| 337 | |a computer |b c |2 rdamedia | ||
| 338 | |a online resource |b cr |2 rdacarrier | ||
| 347 | |a text file |2 rdaft | ||
| 347 | |b PDF | ||
| 490 | 1 | |a Clásicos hispánicos. Nueva época ; |v no. 24 | |
| 504 | |a Includes bibliographical references. | ||
| 588 | 0 | |a Online resource; title from PDF title page (Digitalia, viewed February 18, 2022) | |
| 600 | 0 | 0 | |a Horace. |t Carmina. |
| 655 | 0 | |a Electronic books. | |
| 700 | 1 | |a Bosch, Maria del Carmen, |e editor. | |
| 791 | 2 | |a Digitalia (Firm), |e distributor. | |
| 793 | 0 | |g Digitalia eBook Collection: |a Iberoamericana/Vervuert | |
| 776 | 0 | 8 | |i Print version: |a Jiménez Patón, Bartolomé. |t Comentarios de erudición. |d Madrid : Iberoamericana ; Frankfurt am Main : Vervuert, [2021] |z 9788491922216 |
| 830 | 0 | |a Clásicos hispánicos (Instituto de Lengua, Literatura, y Antropología (Consejo Superior de Investigaciones Científicas (Spain))). |p Nueva época ; |v no. 24. | |
| 856 | 4 | 0 | |3 Digitalia Hispánica |u https://digitalia.unach.elogim.com/a/101644/ |
| 910 | |a Premium collection: 2022 | ||